000 01381aab a2200193 i 4500
001 768714001
003 CO-MdFUSB
005 20240422105138.0
008 221010s1995 ag ||||| |||| 00| 0 spa d
040 _bspa
_cCO-MdFUSB
_dCO-MdFUSB
041 _aspa
100 1 _aRey, Víctor
_eautor
245 1 0 _aTeología y vida :
_b(entrevista a Oscar Pereira)
_c/ Víctor Rey
300 _aVolumen 14, número 1 (abril - junio, 1995), páginas: 21 - 23
_c; 27 cm
520 _aEl pastor Oscar Pereira nació en Cunco Chile, y estudio en seminarios de la capital de su país y de Buenos Aires. Más tarde se recibió de profesor de historia y geografía y obtuvo una licenciatura en filosofía. Trabajó como pastor y profesor de teología tantos en su país natal como, en los últimos años, en Estados Unidos. Sus conferencias han sido publicadas por diversas editoriales. Miembro fundador de la Fraternidad Teológica Latinoamericana, formó parte del equipo de traductores de la revisión de la Biblia Reina-Valera Actualizada y, actualmente, coopera con la traducción de la Nueva Versión Internacional. Es presidente honorario del Círculo de Reflexión y Estudios evangélicos (CREE) de Chile.
650 0 _91238
_aBiografías cristianas
773 0 _tIglesia y Misión
_049402
_959643
_gVolumen 14, número 1 (abril - junio, 1995), páginas: 21 - 23
_qpágina: 21
942 _cANA
999 _c52139
_d52139